00386 2200157 4500001002100000005001500021035002000036245004400056100001800100300002600118260002800144082000800172084001400180020002200194990001200216INLIS00000000000293920250917105719 a0010-09250002861 aCinta Tak Pernah Salah /cAna Sastravel0 aAna Sastravel a280 hlm ;c13 x 19 cm aJakarta :bZettu,c2014 a813 a813 ANA c a978-602-7999-94-7 a0755694